Dairy handbook for Texas /

Bibliographic Details
Main Authors: Burleson, Richard E. (Author), Meekma, A. M. (Author)
Format: Government Document Book
Language:English
Published: College Station, Texas : Agricultural Extension Service, Texas A. & M. College System, [1951]
Series:B (Texas Agricultural and Mechanical College System. Agricultural Extension Service) ; 190.
Subjects:
Online Access:Available online via OAK Trust Repository

MARC

Tag First Indicator Second Indicator Subfields
LEADER 00000cam a2200000Ii 4500
001 in00003710152
005 20170927140805.0
008 160712s1951 txu s000 0 eng d
035 |a (OCoLC)ocn953457550 
035 |a (OCoLC)953457550 
040 |a TXA  |b eng  |e rda  |c TXA  |d UtOrBLW 
043 |a n-us-tx 
049 |a TXAM 
086 |a Z TA245.7 B874 no. B-190  |2 txdocs 
090 |a S544.3.T4  |b T22 no. B-190 
100 1 |a Burleson, Richard E.,  |e author. 
245 1 0 |a Dairy handbook for Texas /  |c by Richard E. Burleson ; A.M. Meekma. 
264 1 |a College Station, Texas :  |b Agricultural Extension Service, Texas A. & M. College System,  |c [1951] 
300 |a 15 pages. 
336 |a text  |b txt  |2 rdacontent 
337 |a unmediated  |b n  |2 rdamedia 
338 |a volume  |b nc  |2 rdacarrier 
490 1 |a B / Extension Service ;  |v 190 
500 |a Title from cover. 
500 |a "5M-651." 
550 |a In cooperation with the United States Department of Agriculture. 
650 0 |a Dairying  |z Texas. 
650 3 |a dairy cows. 
650 3 |a feeds. 
650 3 |a guidelines. 
650 3 |a silage. 
650 3 |a hay. 
650 3 |a breeding. 
650 3 |a dairy herd management. 
650 3 |a milk production. 
700 1 |a Meekma, A. M.,  |e author. 
710 1 |a United States.  |b Department of Agriculture,  |e issuing body.  |0 http://id.loc.gov/authorities/names/n79008243 
710 2 |a Texas Agricultural and Mechanical College System.  |b Agricultural Extension Service,  |e issuing body.  |0 http://id.loc.gov/authorities/names/no2014161616 
830 0 |a B (Texas Agricultural and Mechanical College System. Agricultural Extension Service) ;  |v 190. 
856 4 1 |z Available online via OAK Trust Repository  |u http://oaktrust.library.tamu.edu/handle/1969.1/156753  |t 0 
994 |a C0  |b TXA 
948 |a cataloged  |b h  |c 2016/7/11  |d o  |e lfurubot  |f 1:37:13 pm  |g AgBull project 
999 f f |s 8b95eda2-c015-3cf4-8460-ef5e6fdd2028  |i eed41266-09ca-35df-b54d-3a4798529d95  |t 0 
952 f f |a Texas A&M University  |b College Station  |c Electronic Resources  |d Available Online  |t 0  |e S544.3.T4 T22 no. B-190  |g Electronic  |h Library of Congress classification 
998 f f |a S544.3.T4 T22 no. B-190  |t 0  |l Available Online